000
00315nam a2200109Ia 4500
008
200302s9999 xx 000 0 und d
100
_a
Anna Brett and Becca Clunes
245
_a
Origami A Step-by-Step introduction to the art of paper folding
260
_b
Arcturus Publishing Ltd.
260
_c
2012
300
_a
96 P.,
999
_c
4201
_d
4201